• 首页
  • 本馆介绍
  • 公告通知
  • 最新文献
  • 馆藏检索
  • 电子资源
  • 读者导购
  • 参考咨询
  • 我的图书馆
  • 登录
  • 详细信息显示
  • 放入我的书架
  • 预约/预借图书
  • 作者相关作品
  • 分类相关作品
  • 丛书相关作品
  • 出版社相关作品

书目信息

  • 表格格式
  • 工作单格式
  • 卡片格式
题名:
爱上制作/一切皆可制作
    
 
作者: ;裴溧 , 于浩伟 译 ;奥莱利媒体公司 编
分册: 17  
出版信息: 北京   人民邮电出版社  2012
页数: 162页
开本: 24cm
丛书名:
单 册:
中图分类: TN-49
科图分类:
主题词: 电子器件--制作 , 电子器件
电子资源:
ISBN: 978-7-115-27459-5
000 01036nam0 2200313 450
001 3290
001 01CN09250776@CSLN
005 20160926084515.23
010    @a978-7-115-27459-5@b平装@dCNY35.00
100    @a20120606d2012 em y0chiy50 ea
101 1  @achi@ceng
102    @aCN@b110000
105    @aa z 000yy
200 1  @a爱上制作/一切皆可制作@h17@f(美)OReilly编@g裴溧,于浩伟译@Aai shang zhi zuo
210    @a北京@c人民邮电出版社@d2012
215    @a162页@c图@d24cm@s10.75@t0.00@u3.26
305    @a由OReilly Media, Inc.授权出版
312    @a封面英文共同题名:Make: technology on your time
313    @a综合
330    @a本书包括各种日常生活中的创意手工制作项目,内容涉及电子、机械、工具、户外、家庭、音乐等方面。
333    @a中学
606 0  @a电子器件@x制作
606 0  @a电子器件
690    @aTN-49@v5
702  0 @a裴溧@9pei li@4译
702  0 @a于浩伟@9yu hao wei@4译
711 02 @a奥莱利媒体公司@9ao lai li mei ti gong si@c(美)@4编
801  0 @aCN@b唐山师范学院图书馆@c20151001
905    @aZUCC@dTN-49@e107
    
    爱上制作/一切皆可制作.17/(美)OReilly编/裴溧,于浩伟译.-北京:人民邮电出版社,2012
    162页:图;24cm
    使用对象:中学
    
    ISBN 978-7-115-27459-5(平装):CNY35.00
    本书包括各种日常生活中的创意手工制作项目,内容涉及电子、机械、工具、户外、家庭、音乐等方面。
●
相关链接 在E读中查询图书 在五车中查询图书 在当当中查询图书 在豆瓣中查询图书


正题名:爱上制作/一切皆可制作     索取号:TN-49/107         预约/预借

序号 登录号 条形码 馆藏地/架位号 状态 备注
1 904638   209046389   第二样本阅览室/ [索取号:TN-49/107] 在馆    
2 904639   209046398   第三借阅区/ [索取号:TN-49/107] 在馆    
3 904640   209046405   第三借阅区/ [索取号:TN-49/107] 在馆    
4 904641   209046414   第三借阅区/ [索取号:TN-49/107] 在馆    
5 904642   209046423   第三借阅区/ [索取号:TN-49/107] 在馆    
唐山师范学院图书馆 欢迎您!
大连网信软件有限公司© 版权所有